000 00463nam a2200169Ia 4500
008 220204s9999 xx 000 0 und d
020 _a9780674430006
082 _a330.564
_bPIK
100 _aPIKETTY, Thomas
245 0 _aCapital in the twenty-first century
260 _aThe Belknap Press of Harvard University Press
_bEngland
_c2014
650 _aCapital
650 _aIncome distribution
650 _aLabour economics
650 _aWealth
942 _cBK
999 _c43146
_d43146